[Event "2.Open B Città di Padova Elo <1900"]
[Site "Padova Caffè Pedrocchi"]
[Date "1999.12.18"]
[Round "4.17"]
[White "Troise, Salvatore"]
[Black "Zotti, Enrico"]
[Result "0-1"]
[WhiteElo "1591"]
[BlackElo "1839"]
[Annotator "Gabriele Ballarin"]
[PlyCount "56"]
[EventDate "1999.12.11"]
[EventType "swiss"]
[EventRounds "6"]
[EventCountry "ITA"]
[SourceTitle "Ballarin Gabriele"]
[Source "Ballarin Gabrie"]
[SourceDate "2001.01.01"]
[SourceVersion "1"]
[SourceVersionDate "2001.01.01"]
[SourceQuality "1"]

1. e4 c5 2. Nf3 d6 3. d4 cxd4 4. Nxd4 Nf6 5. Nc3 a6 6. Be2 e5 7. Nb3 Be7 8. Be3 O-O 9. O-O Be6 10. f4 exf4 11. Rxf4 Nc6 12. a3 Bxb3 13. cxb3 Ne5 14. Rf1 b5 15. Qe1 Rc8 16. Qg3 Qd7 17. Bd4 Qe6 18. Rae1 Rfe8 19. Bd1 Bf8 20. Rxf6 Qxf6 21. Nd5 Nf3+ 22. gxf3 Qxd4+ 23. Kh1 Rc1 24. Nc3 Qd2 25. Rg1 Re6 26. Qh3 Rg6 27. Rxg6 hxg6 28. Qf1 Qxb2 0-1

[Event "2.Open B Città di Padova Elo <1900"]
[Site "Padova Caffè Pedrocchi"]
[Date "1999.12.18"]
[Round "4.18"]
[White "Opacic, Alexandar"]
[Black "Lovisetto, Giampaolo"]
[Result "1-0"]
[WhiteElo "1759"]
[BlackElo "1500"]
[Annotator "Gabriele Ballarin"]
[PlyCount "47"]
[EventDate "1999.12.11"]
[EventType "swiss"]
[EventRounds "6"]
[EventCountry "ITA"]
[SourceTitle "Ballarin Gabriele"]
[Source "Ballarin Gabrie"]
[SourceDate "2001.01.01"]
[SourceVersion "1"]
[SourceVersionDate "2001.01.01"]
[SourceQuality "1"]

1. e4 e6 2. d4 d5 3. Nd2 b6 4. Bd3 Bb7 5. e5 c5 6. c3 Nc6 7. Ne2 Nge7 8. f4 g6 9. O-O Bg7 10. Nf3 O-O 11. Qe1 Nf5 12. g4 Nh6 13. Qg3 cxd4 14. Nexd4 Nxd4 15. cxd4 Kh8 16. f5 exf5 17. Bxh6 Bxh6 18. gxf5 gxf5 19. Kf2 Rg8 20. Qh3 Qf8 21. Qxf5 Rg7 22. Rg1 Bc8 23. Qf6 Qb4 24. Qd8+ 1-0

[Event "2.Open B Città di Padova Elo <1900"]
[Site "Padova Caffè Pedrocchi"]
[Date "1999.12.18"]
[Round "4.19"]
[White "Favero, Graziano"]
[Black "Tresin, Ardilio"]
[Result "1-0"]
[WhiteElo "1696"]
[BlackElo "1380"]
[Annotator "Gabriele Ballarin"]
[PlyCount "27"]
[EventDate "1999.12.11"]
[EventType "swiss"]
[EventRounds "6"]
[EventCountry "ITA"]
[SourceTitle "Ballarin Gabriele"]
[Source "Ballarin Gabrie"]
[SourceDate "2001.01.01"]
[SourceVersion "1"]
[SourceVersionDate "2001.01.01"]
[SourceQuality "1"]

1. e4 e5 2. Nf3 Nc6 3. Bc4 Bc5 4. c3 Nf6 5. d4 Bb6 6. dxe5 Nxe4 7. Qd5 Bxf2+ 8. Kf1 O-O 9. Qxe4 Bc5 10. Ng5 g6 11. Nxf7 Rxf7+ 12. Bxf7+ Kxf7 13. Qd5+ Kg7 14. Qxc5 1-0

[Event "2.Open B Città di Padova Elo <1900"]
[Site "Padova Caffè Pedrocchi"]
[Date "1999.12.18"]
[Round "4.20"]
[White "Pomaro, Stefano"]
[Black "Marangoni, Simone"]
[Result "1-0"]
[WhiteElo "1611"]
[BlackElo "1690"]
[Annotator "Gabriele Ballarin"]
[PlyCount "73"]
[EventDate "1999.12.11"]
[EventType "swiss"]
[EventRounds "6"]
[EventCountry "ITA"]
[SourceTitle "Ballarin Gabriele"]
[Source "Ballarin Gabrie"]
[SourceDate "2001.01.01"]
[SourceVersion "1"]
[SourceVersionDate "2001.01.01"]
[SourceQuality "1"]

1. e4 Nf6 2. e5 Nd5 3. Nc3 e6 4. Nxd5 exd5 5. d4 Be7 6. Qf3 c6 7. Qg3 g6 8. Nf3 d6 9. Bf4 dxe5 10. Bxe5 O-O 11. Bxb8 Bf5 12. Bc7 Bb4+ 13. c3 Re8+ 14. Kd2 Qe7 15. Re1 Qf8 16. Bd3 Bxd3 17. Kxd3 Be7 18. h4 b6 19. h5 Qg7 20. hxg6 fxg6 21. Be5 Qf7 22. Qf4 Rf8 23. Qxf7+ Rxf7 24. Bg3 c5 25. Ne5 Rg7 26. Nc6 Bf6 27. Be5 Bxe5 28. Nxe5 cxd4 29. Kxd4 Re8 30. Ng4 Rf8 31. f3 h5 32. Ne3 Rd7 33. Nxd5 Rfd8 34. Re5 Kf7 35. c4 b5 36. b3 a6 37. Rhe1 1-0

[Event "2.Open B Città di Padova Elo <1900"]
[Site "Padova Caffè Pedrocchi"]
[Date "1999.12.18"]
[Round "4.21"]
[White "De Napoli, Giuseppe"]
[Black "Ballarin, Gabriele"]
[Result "1-0"]
[WhiteElo "1678"]
[BlackElo "1621"]
[Annotator "Gabriele Ballarin"]
[PlyCount "117"]
[EventDate "1999.12.11"]
[EventType "swiss"]
[EventRounds "6"]
[EventCountry "ITA"]
[SourceTitle "Ballarin Gabriele"]
[Source "Ballarin Gabrie"]
[SourceDate "2001.01.01"]
[SourceVersion "1"]
[SourceVersionDate "2001.01.01"]
[SourceQuality "1"]

1. d4 Nf6 2. Nf3 c5 3. e3 cxd4 4. exd4 e6 5. Bd3 b6 6. Bg5 Bb7 7. Nbd2 Be7 8. O-O h6 9. Bf4 d6 10. c3 Nc6 11. Qe2 Nd5 12. Bg3 Bg5 13. Nxg5 hxg5 14. Ne4 Nf4 15. Bxf4 gxf4 16. Qg4 g5 17. Qxg5 Qxg5 18. Nxg5 Rg8 19. Ne4 Ke7 20. f3 Rg7 21. Kf2 Rag8 22. Rg1 Rh8 23. h3 f5 24. Nd2 Rg3 25. Rae1 Kf6 26. Bc4 Nd8 27. Nb3 Rhg8 28. Nc1 d5 29. Bb3 Ba6 30. Ne2 Bxe2 31. Rxe2 Nc6 32. Ba4 Na5 33. Bd7 Nc4 34. Bxe6 Ne3 35. Bxg8 Rxg8 36. Rxe3 fxe3+ 37. Kxe3 Re8+ 38. Kf2 Rc8 39. Re1 b5 40. Re5 b4 41. cxb4 Rc2+ 42. Re2 Rc4 43. Rd2 Rxb4 44. f4 a5 45. g4 fxg4 46. hxg4 Rb7 47. Ke3 Rh7 48. Kd3 Rh3+ 49. Kc2 Rf3 50. g5+ Kg6 51. Re2 Rxf4 52. Re6+ Kxg5 53. Re5+ Rf5 54. Rxf5+ Kxf5 55. b3 Ke4 56. Kc3 Kf5 57. b4 axb4+ 58. Kxb4 Ke6 59. Kc5 1-0

[Event "2.Open B Città di Padova Elo <1900"]
[Site "Padova Caffè Pedrocchi"]
[Date "1999.12.18"]
[Round "4.23"]
[White "Molena, Paolo"]
[Black "Tinnirello, Mario"]
[Result "1/2-1/2"]
[WhiteElo "1477"]
[BlackElo "1552"]
[Annotator "Gabriele Ballarin"]
[PlyCount "70"]
[EventDate "1999.12.11"]
[EventType "swiss"]
[EventRounds "6"]
[EventCountry "ITA"]
[SourceTitle "Ballarin Gabriele"]
[Source "Ballarin Gabrie"]
[SourceDate "2001.01.01"]
[SourceVersion "1"]
[SourceVersionDate "2001.01.01"]
[SourceQuality "1"]

1. e4 c5 2. b4 cxb4 3. c3 Nc6 4. Bb2 d5 5. Bb5 a6 6. Bxc6+ bxc6 7. Qa4 Qb6 8. exd5 Bd7 9. Qxb4 Qxb4 10. cxb4 cxd5 11. Nf3 e6 12. O-O Nf6 13. a3 Be7 14. Nc3 O-O 15. Rac1 Rfc8 16. Ne5 Be8 17. Rfe1 Nd7 18. Nxd7 Bxd7 19. Nxd5 Bd8 20. Ne3 a5 21. Rxc8 Rxc8 22. Bc3 axb4 23. axb4 Be7 24. Ra1 Bb5 25. f4 Kf8 26. Kf2 Rb8 27. Ra7 f6 28. Nc2 Bd3 29. Nd4 Rb6 30. Ke3 Bg6 31. Ra8+ Be8 32. Nc2 Kf7 33. Ra7 Kf8 34. Ra8 Kf7 35. Ra7 Kf8 1/2-1/2

[Event "2.Open B Città di Padova Elo <1900"]
[Site "Padova Caffè Pedrocchi"]
[Date "1999.12.18"]
[Round "4.25"]
[White "Di Giacomo, Antonio"]
[Black "Quaranta, Cristiano"]
[Result "1-0"]
[WhiteElo "1666"]
[BlackElo "1552"]
[Annotator "Gabriele Ballarin"]
[PlyCount "51"]
[EventDate "1999.12.11"]
[EventType "swiss"]
[EventRounds "6"]
[EventCountry "ITA"]
[SourceTitle "Ballarin Gabriele"]
[Source "Ballarin Gabrie"]
[SourceDate "2001.01.01"]
[SourceVersion "1"]
[SourceVersionDate "2001.01.01"]
[SourceQuality "1"]

1. d4 Nf6 2. c4 e5 3. d5 Bb4+ 4. Bd2 Bxd2+ 5. Nxd2 O-O 6. e4 d6 7. Be2 Nbd7 8. Ngf3 Nc5 9. Qc2 a5 10. O-O Bd7 11. Rfe1 Qe7 12. Bd1 Rfb8 13. Nb3 Ba4 14. Nfd2 b5 15. Qc3 bxc4 16. Nxc5 Bxd1 17. Raxd1 dxc5 18. Nxc4 Rb4 19. f3 Nd7 20. a3 Rb5 21. d6 cxd6 22. Rxd6 f6 23. Red1 Nf8 24. Nb6 Rb8 25. Qc4+ Kh8 26. Qxb5 1-0

[Event "2.Open B Città di Padova Elo <1900"]
[Site "Padova Caffè Pedrocchi"]
[Date "1999.12.18"]
[Round "4.26"]
[White "Salata, Alessio"]
[Black "Gobbato, Paolo"]
[Result "1-0"]
[WhiteElo "1558"]
[BlackElo "1500"]
[Annotator "Gabriele Ballarin"]
[PlyCount "61"]
[EventDate "1999.12.11"]
[EventType "swiss"]
[EventRounds "6"]
[EventCountry "ITA"]
[SourceTitle "Ballarin Gabriele"]
[Source "Ballarin Gabrie"]
[SourceDate "2001.01.01"]
[SourceVersion "1"]
[SourceVersionDate "2001.01.01"]
[SourceQuality "1"]

1. d4 Nf6 2. Nf3 e6 3. e3 Bb4+ 4. c3 Ba5 5. Bd3 O-O 6. Nbd2 Na6 7. O-O b6 8. b4 Bxb4 9. cxb4 Nxb4 10. Be2 Re8 11. a3 Nbd5 12. Bb2 Bb7 13. Bd3 Qe7 14. Rc1 Rac8 15. e4 Nf4 16. Bb1 c5 17. e5 N6d5 18. Ne4 cxd4 19. Rxc8 Bxc8 20. Nd6 Ba6 21. Re1 Rf8 22. Bxd4 f6 23. Qd2 fxe5 24. Bxe5 Nh5 25. Re4 Nhf6 26. Rh4 h6 27. Qc2 g5 28. Rxh6 Nf4 29. Bxf4 gxf4 30. Ng5 e5 31. Qg6+ 1-0

[Event "2.Open B Città di Padova Elo <1900"]
[Site "Padova Caffè Pedrocchi"]
[Date "1999.12.18"]
[Round "4.27"]
[White "Gottardo, J.Michele"]
[Black "Musiani, Carlo"]
[Result "0-1"]
[WhiteElo "1500"]
[BlackElo "1500"]
[Annotator "Gabriele Ballarin"]
[PlyCount "102"]
[EventDate "1999.12.11"]
[EventType "swiss"]
[EventRounds "6"]
[EventCountry "ITA"]
[SourceTitle "Ballarin Gabriele"]
[Source "Ballarin Gabrie"]
[SourceDate "2001.01.01"]
[SourceVersion "1"]
[SourceVersionDate "2001.01.01"]
[SourceQuality "1"]

{[%evp 0,96,18,27,42,57,71,63,47,29,38,32,46,37,66,31,32,25,17,15,37,16,3,-3,1,-9,-1,-1,-4,-36,-33,-55,-1,-32,-37,-180,-153,-267,-267,-267,-162,-153,-137,-161,-164,-202,-157,-225,-232,-219,-224,-278,-292,-297,-298,-322,-324,-401,-376,-395,-400,-418,-386,-427,-415,-458,-454,-453,-466,-504,-501,-500,-467,-460,-464,-464,-458,-472,-451,-490,-490,-501,-459,-829,-571,-571,-565,-589,-600,-612,-555,-560,-586,-608,-614,-650,-589,-1793,-1890]} 1. e4 c5 2. Nf3 d6 3. d4 cxd4 4. Nxd4 Nf6 5. Nc3 a6 6. Bc4 e6 7. Bb3 Be7 8. O-O Nbd7 9. a3 Qc7 10. Ba2 O-O 11. Bxe6 fxe6 12. Nxe6 Qc6 13. Nxf8 Nxf8 14. Nd5 Nxd5 15. exd5 Qc4 16. Re1 Bf6 17. Rb1 Bf5 18. Re2 Rc8 19. b3 Qc5 20. Be3 Qxa3 21. Kf1 Qb4 22. Kg1 Qc3 23. Qd2 Qxd2 24. Rxd2 Rxc2 25. Rxc2 Bxc2 26. Rc1 Bxb3 27. Rb1 Bxd5 28. Rb6 Be7 29. Bf4 Bc6 30. Rb1 Ng6 31. Be3 Ne5 32. g3 Nf3+ 33. Kf1 Nxh2+ 34. Kg1 Nf3+ 35. Kf1 Bb5+ 36. Kg2 Ne5 37. Bd4 Kf7 38. Rc1 h6 39. Re1 Bc6+ 40. Kf1 Nf3 41. Rd1 Nxd4 42. Rxd4 b5 43. Ke2 a5 44. Kd2 Bg5+ 45. f4 Be7 46. Kd3 b4 47. Kd2 b3 48. Kc3 Bf6 49. g4 Bxd4+ 50. Kxd4 b2 51. Kc3 b1=Q 0-1

[Event "2.Open B Città di Padova Elo <1900"]
[Site "Padova Caffè Pedrocchi"]
[Date "1999.12.18"]
[Round "4.29"]
[White "Conz, Flavio"]
[Black "Borgato, Alessandro"]
[Result "1-0"]
[WhiteElo "1633"]
[BlackElo "1494"]
[Annotator "Gabriele Ballarin"]
[PlyCount "53"]
[EventDate "1999.12.11"]
[EventType "swiss"]
[EventRounds "6"]
[EventCountry "ITA"]
[SourceTitle "Ballarin Gabriele"]
[Source "Ballarin Gabrie"]
[SourceDate "2001.01.01"]
[SourceVersion "1"]
[SourceVersionDate "2001.01.01"]
[SourceQuality "1"]

1. e4 e5 2. Nf3 Nc6 3. Bb5 a6 4. Bxc6 dxc6 5. O-O Bg4 6. h3 Bxf3 7. Qxf3 Qf6 8. Qg3 Bd6 9. d3 h6 10. d4 O-O-O 11. f4 exf4 12. Qg4+ Kb8 13. e5 Bxe5 14. dxe5 Qxe5 15. Qxf4 Qc5+ 16. Qf2 Qc4 17. Nc3 Nf6 18. Be3 Ne4 19. Nxe4 Qxe4 20. Rfe1 Qc4 21. c3 f6 22. Bd4 Rhe8 23. b3 Qd3 24. Rad1 Rxe1+ 25. Qxe1 Qg6 26. Ba7+ Kc8 27. Qe6+ 1-0

[Event "2.Open B Città di Padova Elo <1900"]
[Site "Padova Caffè Pedrocchi"]
[Date "1999.12.18"]
[Round "4.30"]
[White "Pastore, Mauro"]
[Black "Boscolo, Ampelio"]
[Result "1-0"]
[WhiteElo "1612"]
[BlackElo "1494"]
[Annotator "Gabriele Ballarin"]
[PlyCount "69"]
[EventDate "1999.12.11"]
[EventType "swiss"]
[EventRounds "6"]
[EventCountry "ITA"]
[SourceTitle "Ballarin Gabriele"]
[Source "Ballarin Gabrie"]
[SourceDate "2001.01.01"]
[SourceVersion "1"]
[SourceVersionDate "2001.01.01"]
[SourceQuality "1"]

1. d4 Nf6 2. c4 g6 3. Nc3 Bg7 4. e4 d6 5. Nf3 O-O 6. Be2 Nc6 7. O-O e5 8. d5 Ne7 9. a3 a5 10. Rb1 Bd7 11. b4 axb4 12. axb4 b6 13. c5 bxc5 14. bxc5 dxc5 15. Be3 Ne8 16. Bxc5 Nd6 17. Nd2 f5 18. f3 f4 19. Nc4 Nf7 20. Qb3 Re8 21. Rfd1 Nc8 22. Qb7 Ncd6 23. Bxd6 cxd6 24. Nb6 Re7 25. Qxa8 Qxa8 26. Nxa8 Re8 27. Nb6 Rd8 28. Nxd7 Rxd7 29. Rb8+ Bf8 30. Rdb1 Ra7 31. Nb5 Ra2 32. Bf1 Rc2 33. Na7 g5 34. Nc6 Kg7 35. R1b7 1-0

[Event "2.Open B Città di Padova Elo <1900"]
[Site "Padova Caffè Pedrocchi"]
[Date "1999.12.18"]
[Round "4.32"]
[White "Sedani, Elisa"]
[Black "Sanavio, Giancarlo"]
[Result "1-0"]
[WhiteElo "1479"]
[BlackElo "1522"]
[Annotator "Gabriele Ballarin"]
[PlyCount "51"]
[EventDate "1999.12.11"]
[EventType "swiss"]
[EventRounds "6"]
[EventCountry "ITA"]
[SourceTitle "Ballarin Gabriele"]
[Source "Ballarin Gabrie"]
[SourceDate "2001.01.01"]
[SourceVersion "1"]
[SourceVersionDate "2001.01.01"]
[SourceQuality "1"]

1. e4 d6 2. Nf3 Bg4 3. Nc3 c5 4. Be2 Nc6 5. O-O Nf6 6. d3 g6 7. Be3 Bg7 8. Nh4 Qd7 9. f4 O-O-O 10. Nf3 Bxf3 11. Bxf3 Nd4 12. a4 h5 13. Qd2 Ng4 14. Bxd4 Bxd4+ 15. Kh1 Be3 16. Qe2 Bxf4 17. Bxg4 hxg4 18. Rxf4 g3 19. h3 f5 20. Rf3 f4 21. Rxf4 Rdf8 22. Raf1 Rxf4 23. Rxf4 Rxh3+ 24. gxh3 Qxh3+ 25. Kg1 g2 26. Qxg2 1-0

[Event "2.Open B Città di Padova Elo <1900"]
[Site "Padova Caffè Pedrocchi"]
[Date "1999.12.18"]
[Round "4.33"]
[White "Broccardo, Nicola"]
[Black "Verdi, Ruben"]
[Result "1-0"]
[WhiteElo "1579"]
[BlackElo "1464"]
[Annotator "Gabriele Ballarin"]
[PlyCount "93"]
[EventDate "1999.12.11"]
[EventType "swiss"]
[EventRounds "6"]
[EventCountry "ITA"]
[SourceTitle "Ballarin Gabriele"]
[Source "Ballarin Gabrie"]
[SourceDate "2001.01.01"]
[SourceVersion "1"]
[SourceVersionDate "2001.01.01"]
[SourceQuality "1"]

1. Nf3 Nf6 2. b3 Nc6 3. Bb2 d5 4. d4 e6 5. e3 Be7 6. Bb5 a6 7. Bxc6+ bxc6 8. O-O O-O 9. Ne5 Bb7 10. Nd2 Nd7 11. f4 c5 12. Qg4 Nf6 13. Qh3 cxd4 14. exd4 c5 15. Rf3 Rc8 16. Rg3 cxd4 17. Qh6 g6 18. Rh3 Bc5 19. Kh1 Rc7 20. Ndf3 Nh5 21. Ng5 f6 22. Nxe6 Qe7 23. Nxf8 Qxf8 24. Qxf8+ Kxf8 25. Nd3 Bc8 26. Rf3 Bg4 27. Nxc5 Rxc5 28. Rf2 Bf5 29. Rc1 d3 30. Ba3 Kf7 31. Bxc5 d2 32. Rxd2 Nxf4 33. Rf1 g5 34. Rxd5 Bxc2 35. Rf2 Bxb3 36. axb3 Nxd5 37. b4 Nc3 38. Rc2 Nb5 39. Ra2 Ke6 40. Rxa6+ Kf5 41. g3 h5 42. Kg2 Nc7 43. Rc6 Nb5 44. Be7 Na7 45. Rxf6+ Ke5 46. Ra6 Nb5 47. Ra5 1-0

[Event "2.Open B Città di Padova Elo <1900"]
[Site "Padova Caffè Pedrocchi"]
[Date "1999.12.18"]
[Round "4.34"]
[White "Giordan, Daniele"]
[Black "Ciech, Elio"]
[Result "0-1"]
[WhiteElo "1500"]
[BlackElo "1462"]
[Annotator "Gabriele Ballarin"]
[PlyCount "68"]
[EventDate "1999.12.11"]
[EventType "swiss"]
[EventRounds "6"]
[EventCountry "ITA"]
[SourceTitle "Ballarin Gabriele"]
[Source "Ballarin Gabrie"]
[SourceDate "2001.01.01"]
[SourceVersion "1"]
[SourceVersionDate "2001.01.01"]
[SourceQuality "1"]

1. e4 c5 2. d4 cxd4 3. c3 e5 4. Nf3 Nc6 5. Bb5 Qc7 6. O-O a6 7. Ba4 b5 8. Bc2 Nf6 9. Bg5 Be7 10. Re1 h6 11. Bh4 d6 12. cxd4 Bg4 13. d5 Nd4 14. Bd3 Bxf3 15. gxf3 Nh5 16. Bg3 Bg5 17. Nc3 Qe7 18. Ne2 Nxf3+ 19. Kh1 Nxe1 20. Qxe1 O-O 21. Qf1 Rac8 22. f4 exf4 23. Nxf4 Bxf4 24. Bxf4 Nxf4 25. Qxf4 Qe5 26. Qd2 f5 27. Re1 Kh8 28. b3 Qd4 29. Re2 fxe4 30. Bxe4 Qa1+ 31. Kg2 Qf1+ 32. Kg3 Rf6 33. Bg2 Rg6+ 34. Kh4 Qf6+ 0-1

[Event "2.Open B Città di Padova Elo <1900"]
[Site "Padova Caffè Pedrocchi"]
[Date "1999.12.18"]
[Round "4.35"]
[White "Alburno, Franco"]
[Black "Crestani, Federico"]
[Result "0-1"]
[WhiteElo "1438"]
[BlackElo "1522"]
[Annotator "Gabriele Ballarin"]
[PlyCount "52"]
[EventDate "1999.12.11"]
[EventType "swiss"]
[EventRounds "6"]
[EventCountry "ITA"]
[SourceTitle "Ballarin Gabriele"]
[Source "Ballarin Gabrie"]
[SourceDate "2001.01.01"]
[SourceVersion "1"]
[SourceVersionDate "2001.01.01"]
[SourceQuality "1"]

1. e4 e6 2. d4 d5 3. Nd2 c5 4. Ne2 Nc6 5. exd5 Qxd5 6. c4 Qd8 7. dxc5 Bxc5 8. g3 Nf6 9. Bg2 Qb6 10. O-O h5 11. a3 a5 12. Ne4 Nxe4 13. Bxe4 h4 14. Bf4 e5 15. Bxc6+ Qxc6 16. Bxe5 f6 17. Nd4 Bxd4 18. Bxd4 Bh3 19. Re1+ Kf7 20. f3 hxg3 21. hxg3 Rad8 22. Qd3 Qd6 23. f4 Qxd4+ 24. Qxd4 Rxd4 25. Rac1 Rd2 26. b4 Bg2 0-1

[Event "2.Open B Città di Padova Elo <1900"]
[Site "Padova Caffè Pedrocchi"]
[Date "1999.12.18"]
[Round "4.36"]
[White "Sinato, Fabrizio"]
[Black "Spinoso, Giovanni"]
[Result "1-0"]
[WhiteElo "1704"]
[BlackElo "1500"]
[Annotator "Gabriele Ballarin"]
[PlyCount "105"]
[EventDate "1999.12.11"]
[EventType "swiss"]
[EventRounds "6"]
[EventCountry "ITA"]
[SourceTitle "Ballarin Gabriele"]
[Source "Ballarin Gabrie"]
[SourceDate "2001.01.01"]
[SourceVersion "1"]
[SourceVersionDate "2001.01.01"]
[SourceQuality "1"]

1. e4 c5 2. Nf3 d6 3. d4 cxd4 4. Nxd4 Nf6 5. Nc3 a6 6. Bc4 e6 7. O-O Be7 8. Kh1 Qc7 9. Bb3 Nbd7 10. Bxe6 Nc5 11. Bxc8 Rxc8 12. f3 O-O 13. Be3 Ne6 14. Nf5 b5 15. Qd2 Rfe8 16. Nd5 Nxd5 17. exd5 Nf8 18. Bd4 f6 19. c3 Nd7 20. Rad1 Qc4 21. Bf2 Bf8 22. Bg3 Re2 23. Qc1 Ne5 24. Nd4 Nd3 25. Rxd3 Qxd3 26. Nxe2 Qxe2 27. Qb1 Qc4 28. Rd1 Re8 29. Rd4 Qc8 30. Re4 Qf5 31. Qe1 Rxe4 32. Qxe4 Qxe4 33. fxe4 Kf7 34. Kg1 Ke8 35. Kf2 h5 36. Ke2 g5 37. Kd3 Kd7 38. c4 b4 39. Bf2 Bh6 40. Bb6 h4 41. h3 g4 42. Ba5 gxh3 43. gxh3 b3 44. axb3 Bf4 45. Be1 Bg5 46. Bd2 Bxd2 47. Kxd2 Kc7 48. b4 Kb6 49. Ke3 a5 50. b5 a4 51. Kd3 Kc5 52. Kc3 Kb6 53. Kb4 1-0

[Event "2.Open B Città di Padova Elo <1900"]
[Site "Padova Caffè Pedrocchi"]
[Date "1999.12.18"]
[Round "4.37"]
[White "Marson, Luca"]
[Black "Vastano, Ciro"]
[Result "1-0"]
[WhiteElo "1648"]
[BlackElo "1300"]
[Annotator "Gabriele Ballarin"]
[PlyCount "161"]
[EventDate "1999.12.11"]
[EventType "swiss"]
[EventRounds "6"]
[EventCountry "ITA"]
[SourceTitle "Ballarin Gabriele"]
[Source "Ballarin Gabrie"]
[SourceDate "2001.01.01"]
[SourceVersion "1"]
[SourceVersionDate "2001.01.01"]
[SourceQuality "1"]

1. e4 e6 2. d4 d5 3. e5 c5 4. Qg4 Bd7 5. Nf3 cxd4 6. Bd3 Nc6 7. O-O Qc7 8. Re1 Nb4 9. Na3 Nxd3 10. cxd3 g6 11. Bd2 Nh6 12. Qh3 Nf5 13. g4 Ne7 14. Nxd4 a6 15. Rac1 Qb6 16. Bc3 Nc6 17. Nxc6 Bxc6 18. Nc2 Be7 19. Qh6 Kd7 20. Qf4 h5 21. Nd4 Qd8 22. Qxf7 Qg8 23. Qxg8 Raxg8 24. Bd2 Rh7 25. Bf4 Rf7 26. Be3 hxg4 27. Re2 Rh8 28. Rec2 Rc8 29. Kg2 Rh7 30. Bf4 Rh5 31. Bg3 Bg5 32. Rf1 Bh6 33. f3 gxf3+ 34. Rxf3 Rf8 35. Rxf8 Bxf8 36. Rf2 Ke7 37. Rf6 Bd7 38. Rxg6 Rh7 39. Nb3 Kf7 40. Rf6+ Ke7 41. Nc5 Bc8 42. Kf3 Rh5 43. Kg4 Rh7 44. Kg5 b6 45. Nb3 a5 46. Nd4 Rf7 47. Rxf7+ Kxf7 48. h4 Ba6 49. Ne2 Bxd3 50. Nf4 Bf5 51. Nxd5 Be4 52. Nf6 Be7 53. h5 Bf5 54. Bf2 b5 55. Bd4 Kg7 56. Kf4 Kh8 57. Ne4 Kh7 58. Nd6 Bd3 59. Ke3 Bb1 60. a3 Kh6 61. Nxb5 Kxh5 62. Nd6 Bg5+ 63. Ke2 Ba2 64. b4 axb4 65. axb4 Bd8 66. b5 Bc7 67. b6 Bb8 68. Kd3 Bb1+ 69. Kc3 Kg6 70. Kb4 Bd3 71. Kc5 Kg7 72. Kc6 Ba6 73. Kd7 Kf8 74. Kxe6 Kg8 75. Kd7 Kf8 76. e6 Bxd6 77. Kxd6 Ke8 78. Bf6 Bb7 79. Kc7 Bd5 80. e7 Kf7 81. Bh4 1-0

[Event "2.Open B Città di Padova Elo <1900"]
[Site "Padova Caffè Pedrocchi"]
[Date "1999.12.18"]
[Round "4.38"]
[White "Roccaro, Giovanni"]
[Black "Pedrollo, Cristian"]
[Result "1/2-1/2"]
[WhiteElo "1630"]
[BlackElo "1474"]
[Annotator "Gabriele Ballarin"]
[PlyCount "58"]
[EventDate "1999.12.11"]
[EventType "swiss"]
[EventRounds "6"]
[EventCountry "ITA"]
[SourceTitle "Ballarin Gabriele"]
[Source "Ballarin Gabrie"]
[SourceDate "2001.01.01"]
[SourceVersion "1"]
[SourceVersionDate "2001.01.01"]
[SourceQuality "1"]

1. c4 Nf6 2. d4 e6 3. Nf3 b6 4. Nc3 Bb4 5. a3 Bxc3+ 6. bxc3 Bb7 7. Bg5 h6 8. Bh4 g5 9. Bg3 d6 10. e3 Ne4 11. Qc2 Nxg3 12. hxg3 Qe7 13. Nd2 Nd7 14. f3 O-O-O 15. a4 a5 16. Bd3 f5 17. O-O-O c5 18. e4 fxe4 19. Bxe4 Bxe4 20. Qxe4 Kc7 21. Rde1 Rde8 22. Nb1 Nf6 23. Qe3 Qd7 24. Na3 Qxa4 25. Nb5+ Kd7 26. Nxd6 Qa1+ 27. Kc2 Qa2+ 28. Kc1 Qa1+ 29. Kc2 Qa2+ 1/2-1/2

[Event "2.Open B Città di Padova Elo <1900"]
[Site "Padova Caffè Pedrocchi"]
[Date "1999.12.18"]
[Round "4.39"]
[White "Marangon, Matteo"]
[Black "Moschini, Costantino"]
[Result "0-1"]
[WhiteElo "1500"]
[BlackElo "1513"]
[Annotator "Gabriele Ballarin"]
[PlyCount "50"]
[EventDate "1999.12.11"]
[EventType "swiss"]
[EventRounds "6"]
[EventCountry "ITA"]
[SourceTitle "Ballarin Gabriele"]
[Source "Ballarin Gabrie"]
[SourceDate "2001.01.01"]
[SourceVersion "1"]
[SourceVersionDate "2001.01.01"]
[SourceQuality "1"]

1. e4 d6 2. Nf3 Nf6 3. Nc3 g6 4. Bc4 Bg7 5. d4 O-O 6. O-O Nxe4 7. Bxf7+ Rxf7 8. Nxe4 h6 9. Be3 Qf8 10. c3 Bg4 11. Ned2 Nc6 12. Qb3 Rb8 13. Rae1 Kh7 14. h3 Bf5 15. c4 e5 16. g4 Bd7 17. dxe5 Nxe5 18. Nxe5 Bxe5 19. Bxa7 Re8 20. Be3 Bc6 21. Qc2 Rf3 22. h4 Rh3 23. f4 Rh1+ 24. Kf2 Rh2+ 25. Kg1 Rg2+ 0-1

[Event "2.Open B Città di Padova Elo <1900"]
[Site "Padova Caffè Pedrocchi"]
[Date "1999.12.18"]
[Round "4.40"]
[White "Marcuzzo, Giorgio"]
[Black "Favale, Giuseppe"]
[Result "1-0"]
[WhiteElo "1492"]
[BlackElo "1500"]
[Annotator "Gabriele Ballarin"]
[PlyCount "45"]
[EventDate "1999.12.11"]
[EventType "swiss"]
[EventRounds "6"]
[EventCountry "ITA"]
[SourceTitle "Ballarin Gabriele"]
[Source "Ballarin Gabrie"]
[SourceDate "2001.01.01"]
[SourceVersion "1"]
[SourceVersionDate "2001.01.01"]
[SourceQuality "1"]

1. e4 e5 2. Nf3 Nc6 3. Bb5 Nf6 4. O-O d6 5. d4 a6 6. Bxc6+ bxc6 7. dxe5 Nxe4 8. Re1 d5 9. Nbd2 Nxd2 10. Bxd2 Be7 11. h3 c5 12. c3 c4 13. Nd4 O-O 14. Qf3 c5 15. Nc6 Qd7 16. Qxd5 Rd8 17. Qxd7 Rxd7 18. Be3 Bb7 19. Nxe7+ Rxe7 20. Bxc5 Re6 21. Rad1 Rae8 22. Rd4 Rxe5 23. Rxe5 1-0